000 01222nac a22003737a 4500
001 BR0809117
003 BR-BrBNA
005 20240105123706.0
008 230509b bl.|||m| |||| 00| 0 por d
040 _aBR-BrBNA
_bpor
_cBiblioteca Nacional de Agricultura
072 _aE16; F08
090 _a1740 BR0809117
100 1 _aGonçalves, P.A. de S.
100 1 _aBoff, P.
100 1 _aRowe, E.
110 1 _aEmpresa de Pesquisa Agropecuária e Extensão Rural de Santa Catarina S.A., Florianópolis (Brasil)
245 1 _aReferenciais tecnológicos para a produção de cebola em sistema orgânico
260 3 _aFlorianópolis, SC (Brasil):
_c2008.
300 _a21 p.
490 _aBoletim Técnico - Empresa de Pesquisa Agropecuária e Extensão Rural de Santa Catarina S.A. (Brazil)
_vno. 142
_xISSN 0100-7416
500 _a11 illus.; 27 ref.
650 _aCEBOLA
650 _aPRODUÇÃO ORGÂNICA
650 _aVARIEDADE
650 _aMUDA
650 _aPLANTIO DIRETO
650 _aCOLHEITA
650 _aPÓS-COLHEITA
650 _aPRODUTIVIDADE
650 _aARMAZENAMENTO
650 _aCOMERCIALIZAÇÃO
909 _a202312
_bLúcia Elande
_c55
_dLúcia Elande
942 _2AGRIS
_n0
_cMS
999 _c296572
_d296572